000 00432nam a2200133Ia 4500
008 250110s9999 xx 000 0 und d
041 _aeng
100 _aBhagwat Shruti
_9211052
245 _aFrom Void To Vitality: An Aigorinhmic Approach To Urban Voids In Virtual Platforms
260 _bBNCA-M arch Digital Architecture
_c2024
300 _a93p
500 _aDigital Architecture
700 _aGuide Name:Sardesai Kaushik
_9211053
999 _c364767
_d364767